Normal view
MARC view
- تاليف Richard Deaves، م.مشارك Ackert, Lucy F؛ ترجمة محمد داود عثمان
Entry Personal Name
001 - CONTROL NUMBER
- control field: 64011
003 - CONTROL NUMBER IDENTIFIER
- control field: JO-AjAnu
005 - DATE AND TIME OF LATEST TRANSACTION
- control field: 20230606084438.0
008 - FIXED-LENGTH DATA ELEMENTS
- fixed length control field: 230606|| aca||aabn | a|a d
040 ## - CATALOGING SOURCE
- Original cataloging agency: JO-AjAnu
- Transcribing agency: JO-AjAnu
100 ## - HEADING--PERSONAL NAME
- Personal name: تاليف Richard Deaves، م.مشارك Ackert, Lucy F؛ ترجمة محمد داود عثمان
670 ## - SOURCE DATA FOUND
- Source citation: Work cat.: (JO-AjAnu)32632: تاليف Richard Deaves، م.مشارك Ackert, Lucy F؛ ترجمة محمد داود عثمان, author, المالية السلوكية: علم النفس - صناعة القرار - والاسواق